| 000 | 02444nam0a2200433 4500 | ||
|---|---|---|---|
| 001 | RU\NLR\bibl\1731198 | ||
| 005 | 20250616075812.0 | ||
| 010 |
_a978-5-87846-721-6 _9300 |
||
| 021 |
_aRU _b2010-106272 _97180 |
||
| 035 | _a(nilc)RSL-KNO-004874542 | ||
| 035 | _a(NLR Aleph) 001722150 | ||
| 090 |
_a1346580 _c1346580 |
||
| 100 | _a20110117d2010 |||y0rusy50 ca | ||
| 101 | 0 |
_arus _ager |
|
| 102 | _aRU | ||
| 105 | _aa ||||||||| | ||
| 200 | 1 |
_aАвстрия: страна - люди - язык _eлингвострановедческие очерки _eучебное пособие для факультетов и вузов иностранных языков _fВ.Т. Малыгин, А.Р. Никонова, Т.В. Кирсанова, В.А. Чукшис _g[под общ. ред. В.Т. Малыгина] _gМ-во образования и науки РФ, ГОУ ВПО "Владимирский гос. гуманитарный ун-т" |
|
| 210 |
_aВладимир _cВГГУ _d2010 |
||
| 215 |
_a191 с. _cил., портр. _d21 _e1 электрон. опт. диск (CD-ROM) |
||
| 300 | _aЧасть текста на нем. яз. | ||
| 320 | _aБиблиогр.: с. 182-191 | ||
| 606 | 1 |
_aАвстрийцы _jУчебные издания для высших учебных заведений _xНациональный характер _92392217 _3RU\NLR\auth\661426518 |
|
| 606 | 1 |
_aБыт и нравы _jУчебные издания для высших учебных заведений _yАвстрия _92622460 _3RU\NLR\auth\661559020 |
|
| 606 | 1 |
_aНемецкий язык _jУчебные издания для высших учебных заведений _xДиалекты _yАвстрия _91718087 _3RU\NLR\auth\66766470 |
|
| 607 |
_aАвстрия _jУчебные издания для высших учебных заведений _xИстория _z20 - 21 вв. _92622459 _3RU\NLR\auth\661559019 |
||
| 686 |
_aШ143.24-944:Д _2rubbk |
||
| 686 | _aТ3(4А)6я73 | ||
| 686 | _aТ3(4А)0-7я73 | ||
| 686 | _aШ143.24-93рус3-5 | ||
| 701 | 1 |
_aМалыгин _bВ. Т. _gВиктор Трофимович _4070 |
|
| 701 | 1 |
_aНиконова _bА. Р. _4070 |
|
| 701 | 1 |
_aКирсанова _bТ. В. _4070 |
|
| 701 | 1 |
_aЧукшис _bВ. А. _4070 |
|
| 801 | 0 |
_aRU _bRuMoRKP _c20110117 _grcr |
|
| 801 | 1 |
_aRU _bRuMoRGB _c20110117 |
|
| 801 | 2 |
_aRU _bNLR _c20110203 _grcr |
|
| 942 | _cBOOK | ||
| 980 | _aNB | ||